Animal physiology and biochemistry / (Record no. 83149)

MARC details
000 -LEADER
fixed length control field 00586nam a22001817a 4500
005 - DATE AND TIME OF LATEST TRANSACTION
control field 20140618110134.0
010 ## - LCCN (DPL NO)
LC control number ENG-109610
020 ## - INTERNATIONAL STANDARD BOOK NUMBER
Terms of availability 100.00
International Standard Book Number 9788189941338
035 ## - SYSTEM CONTROL NUMBER
System control number EN-93143
037 ## - SOURCE OF ACQUISITION
Source of stock number/acquisition DBAD/PUB
082 ## - DEWEY DECIMAL CLASSIFICATION NUMBER
Classification number 571.1
245 ## - TITLE STATEMENT
Title Animal physiology and biochemistry /
Statement of responsibility, etc by N. Arumugam...[et al]
260 ## - PUBLICATION, DISTRIBUTION, ETC. (IMPRINT)
Name of publisher, distributor, etc Saras Publication
Date of publication, distribution, etc 2013
Place of publication, distribution, etc Kanyakumari
270 ## - ADDRESS
City Kanyakumari
Postal code 629002
Address 114/35G, A. R. P. Camp Road, Periavilai, Kottar P. O., Nagercoil
300 ## - PHYSICAL DESCRIPTION
Extent xiv,362p.
Dimensions 20cm(pbk)
700 ## - ADDED ENTRY--PERSONAL NAME
Personal name Arumugam, N.
942 ## - ADDED ENTRY ELEMENTS (KOHA)
Source of classification or shelving scheme Dewey Decimal Classification
Item type English Books
Call number suffix ANI
Classification part 571.1
Holdings
Withdrawn status Lost status Not for loan Collection code Home library Current library Date acquired Source of acquisition Cost, normal purchase price Full call number Barcode Copy number Cost, replacement price Koha item type
    Not For Loan Non-fiction D.B.Act.Division D.B.Act.Division 24/03/2014 DBAD/PUB 100.00 571.1 ANI EN-93143 1 100.00 English Books

© Delhi Public Library
Hit Counter
free hit counter